| 000 | 00501nam a2200181 a 4500 | ||
|---|---|---|---|
| 003 | AM-YeHGA | ||
| 005 | 20250617161549.0 | ||
| 008 | 111201s1948 ru r 000 0 rus d | ||
| 040 | _aAM-YeHGA | ||
| 041 | 0 | _arus | |
| 100 | 1 | _aПлатошкин, Михаил | |
| 245 | 1 | 0 |
_aПовести / _cМ. Платошкин. |
| 260 |
_aМосква : _bСов. писатель, _c1948. |
||
| 300 | _a366 с. | ||
| 650 | 1 | 4 | _aРусская литература |
| 942 |
_2udc _cBK |
||
| 090 | _c476889 | ||
| 999 |
_c473623 _d473623 |
||